Statistics for Tyler Durden Lyrics Quiz

Click here to take the quiz!

General Stats

  • This quiz has been taken 7 times
  • The average score is 104 of 159

Answer Stats

HintAnswer% Correct
Verse 1With
100%
with
100%
you
100%
your
100%
You're
100%
a
75%
ain't
75%
and
75%
And
75%
Cause
75%
do?
75%
Durden
75%
fingers
75%
for
75%
go
75%
hand
75%
I
75%
I'm
75%
in
75%
is
75%
it
75%
it's
75%
like
75%
love
75%
me
75%
mouth
75%
my
75%
never
75%
shit
75%
So
75%
That's
75%
Verse 2This
75%
this
75%
time
75%
Tyler
75%
why
75%
working
75%
around
50%
at
50%
done
50%
don't
50%
else
50%
ending
50%
ever
50%
fantasy
50%
gonna
50%
had
50%
I've
50%
life
50%
many
50%
minute
50%
No,
50%
of
50%
One
50%
one
50%
only
50%
Or
50%
or
50%
see
50%
speaking
50%
throat
50%
to
50%
too
50%
vowels
50%
wanna
50%
what
50%
all
25%
down
25%
fall
25%
got
25%
I'ma
25%
keep
25%
need
25%
night
25%
none
25%
Now
25%
stay
25%
take
25%
took
25%
up
25%
Yeah,
25%

Score Distribution

Percentile by Number Answered

Percent of People with Each Score

Your Score History

You have not taken this quiz